000 00770nam a2200265 i 4500
003 DO-SdBNP
005 20260202101610.0
007 ta
008 260202s19? dr c 000 j spa d
040 _aDO-SdBNP
_bspa
_cBNPHU
_erda
041 _aspa
082 _axxx
_bT293
_222
100 _928921
245 1 4 _aTenis ilustrado para todos :
_bcolección completa de graficas publicadas, de 1974-1982
264 1 _aSanto Domingo :
_bImprenta Quiñones,
_c[fecha no identificada]
300 _a199 páginas,
_bretratos
_c28 cm.
336 _2rdacontent
_atexto
_btxt
337 _2rdamedia
_asin mediación
_bn
338 _2rdacarrier
_avolumen
_bnc
590 _aInventariado, 2026/DG
700 _985881
700 _985882
910 _aDG
942 _2ddc
_cLBS1
999 _c60178
_d60178